[Event "Ulaanbaatar Ikh Nuudel op"]
[White "Mungunkhuu, Mijgee"]
[Black "Altantuya, Boldbaatar"]
[Site "Ulaanbaatar"]
[Round "7"]
[Result "1-0"]
[Date "2016.10.03"]
[WhiteElo "2240"]
[BlackElo "1946"]
[PlyCount "61"]
[EventDate "2016.09.29"]
[EventType "swiss"]
[EventRounds "9"]
[EventCountry "MGL"]
[SourceTitle "CBM 174 Extra"]
[Source "ChessBase"]
[SourceDate "2016.10.10"]
[SourceVersion "1"]
[SourceVersionDate "2016.10.10"]
[SourceQuality "1"]

1. d4 Nf6 2. Nf3 e6 3. e3 b6 4. Bd3 Bb7 5. Nbd2 Be7 6. b3 d5 7. Bb2 0-0 8. 0-0 c5 9. Rc1 Nc6 10. a3 cxd4 11. exd4 Qc7 12. Qe2 Bd6 13. Ne5 Qe7 14. Ra1 Rac8 15. f4 Rfd8 16. Rf3 Na5 17. Rh3 Qc7 18. Kh1 Ne4 19. Bxe4 dxe4 20. c4 f6 21. Qh5 h6 22. Qg6 fxe5 23. Rxh6 Qe7 24. fxe5 Rf8 25. exd6 Qd7 26. d5 exd5 27. Qh7+ Kf7 28. Rf6+ Ke8 29. Rxf8+ Kxf8 30. Qh8+ Kf7 31. Qxg7+ 1-0

[Event "Ulaanbaatar Ikh Nuudel op"]
[White "Amartuvshin, Ganzorig"]
[Black "Mungunkhuu, Mijgee"]
[Site "Ulaanbaatar"]
[Round "6"]
[Result "1/2-1/2"]
[Date "2016.10.02"]
[WhiteElo "1909"]
[BlackElo "2240"]
[PlyCount "285"]
[EventDate "2016.09.29"]
[EventType "swiss"]
[EventRounds "9"]
[EventCountry "MGL"]
[SourceTitle "CBM 174 Extra"]
[Source "ChessBase"]
[SourceDate "2016.10.10"]
[SourceVersion "1"]
[SourceVersionDate "2016.10.10"]
[SourceQuality "1"]

1. d4 Nf6 2. c4 d6 3. Nf3 g6 4. Nc3 Nbd7 5. e4 Bg7 6. Be2 0-0 7. 0-0 c6 8. Be3 e5 9. Qc2 Qe7 10. Rad1 h6 11. c5 dxc5 12. dxe5 Ng4 13. Bf4 Ndxe5 14. Nxe5 Nxe5 15. Bg3 g5 16. f4 gxf4 17. Bxf4 Be6 18. Qc1 Kh7 19. Qe3 Rad8 20. Qg3 Bc4 21. Bxc4 Nxc4 22. b3 Ne5 23. h4 Ng6 24. Bd6 Rxd6 25. Qxd6 Qxd6 26. Rxd6 Bxc3 27. Rd7 Ne5 28. Rxb7 a5 29. Re7 Kg7 30. h5 Rd8 31. Rf5 Rd1+ 32. Kh2 Ng4+ 33. Kh3 Bf6 34. Rxf7+ Kxf7 35. Kxg4 Re1 36. Rxc5 Rxe4+ 37. Kf3 Re5 38. Rxc6 Rxh5 39. a3 Rb5 40. b4 axb4 41. axb4 Rxb4 42. Rc1 Bg5 43. Rc3 Kg6 44. g3 Bf6 45. Re3 Kf5 46. Ra3 Be5 47. Re3 Rb2 48. Re2 Rb1 49. Re3 Bd4 50. Ra3 Rc1 51. Ra5+ Bc5 52. Kg2 Rc3 53. Kh3 Kg6 54. Ra6+ Kg5 55. Rc6 h5 56. Rc8 Rc4 57. Rg8+ Kf5 58. Rh8 Kg6 59. Rg8+ Kf7 60. Rh8 Kg6 61. Rg8+ Kh7 62. Rc8 Rc3 63. Rc7+ Kg6 64. Rc6+ Kf5 65. Rc7 Ke6 66. Rc6+ Kd7 67. Rh6 Bd6 68. Kh4 Be7+ 69. Kxh5 Rxg3 70. Rg6 Rb3 71. Kg4 Bd6 72. Rf6 Rb4+ 73. Kf3 Kc6 74. Rf5 Kd7 75. Rf6 Ke7 76. Rg6 Be5 77. Ra6 Bd6 78. Ke3 Ke6 79. Ra5 Be5 80. Kd3 Rd4+ 81. Kc2 Rh4 82. Kd3 Kf5 83. Ra2 Rd4+ 84. Ke3 Rc4 85. Rf2+ Ke6 86. Ra2 Rb4 87. Kd3 Bd4 88. Ra8 Bc5 89. Rh8 Bd6 90. Ra8 Kd5 91. Ra2 Rb3+ 92. Ke2 Be5 93. Kd1 Bd4 94. Ra5+ Kc4 95. Ra2 Rh3 96. Rc2+ Bc3 97. Rg2 Kd3 98. Ra2 Kc4 99. Rf2 Re3 100. Kc2 Bd4 101. Rg2 Rd3 102. Rd2 Ra3 103. Re2 Be3 104. Kd1 Ra1+ 105. Kc2 Kd4 106. Kb2 Ra6 107. Kc2 Rc6+ 108. Kb3 Kd3 109. Rb2 Bc1 110. Rb1 Rb6+ 111. Ka2 Ra6+ 112. Kb3 Kd2 113. Kc4 Kc2 114. Rb7 Ra4+ 115. Rb4 Ra8 116. Rb5 Bb2 117. Kd5 Bc3 118. Rb7 Kd3 119. Rc7 Bd4 120. Rb7 Ra5+ 121. Ke6 Ke4 122. Kd7 Kd5 123. Ke8 Be5 124. Rd7+ Bd6 125. Rh7 Ra8+ 126. Kf7 Rf8+ 127. Kg6 Ke6 128. Kh5 Kf5 129. Kh4 Bf4 130. Kh3 Rg8 131. Rh4 Rg3+ 132. Kh2 Ke4 133. Rh3 Rc3+ 134. Kg2 Rc2+ 135. Kf1 Be3 136. Rh4+ Kf3 137. Rh3+ Kf4 138. Ke1 Ke4 139. Kf1 Rf2+ 140. Kg1 Kd3 141. Kh1 Rf4 142. Kg2 Ke2 143. Kg3 1/2-1/2

[Event "Ulaanbaatar Ikh Nuudel op"]
[White "Mungunkhuu, Mijgee"]
[Black "Bilguun, Sumiya"]
[Site "Ulaanbaatar"]
[Round "3"]
[Result "0-1"]
[Date "2016.10.01"]
[WhiteElo "2240"]
[BlackElo "2444"]
[PlyCount "52"]
[EventDate "2016.09.29"]
[EventType "swiss"]
[EventRounds "9"]
[EventCountry "MGL"]
[SourceTitle "CBM 174 Extra"]
[Source "ChessBase"]
[SourceDate "2016.10.10"]
[SourceVersion "1"]
[SourceVersionDate "2016.10.10"]
[SourceQuality "1"]

1. c4 f5 2. Nc3 Nf6 3. d3 e6 4. Nf3 d5 5. cxd5 exd5 6. g3 c6 7. Bg2 Bd6 8. 0-0 0-0 9. Rb1 a5 10. a3 Na6 11. Bg5 h6 12. Bxf6 Qxf6 13. Qc2 f4 14. Na4 Bg4 15. Qc3 Qe7 16. Rfe1 Nc7 17. Rbc1 Rae8 18. d4 Nb5 19. Qd2 Qf6 20. Rcd1 fxg3 21. hxg3 Re4 22. Rf1 Bxf3 23. exf3 Rxd4 24. Qc2 Rc4 25. Nc3 Nxc3 26. bxc3 Rxc3 0-1

[Event "MGL-ch blitz"]
[White "Agibileg, Uurtsaikh"]
[Black "Mungunkhuu, Mijgee"]
[Site "Ulaanbaatar"]
[Round "13"]
[Result "0-1"]
[Date "2015.09.18"]
[WhiteElo "1801"]
[BlackElo "2228"]
[PlyCount "60"]
[EventDate "2015.09.18"]
[EventType "tourn (blitz)"]
[EventRounds "15"]
[EventCountry "MGL"]
[SourceTitle "EXT 2016"]
[Source "ChessBase"]
[SourceDate "2015.10.08"]
[SourceVersion "1"]
[SourceVersionDate "2015.10.08"]
[SourceQuality "1"]

1. d4 Nf6 2. c4 d6 3. Nc3 Nbd7 4. e4 e5 5. d5 Be7 6. Be3 0-0 7. Bd3 h6 8. Nge2 Re8 9. 0-0 Nf8 10. b4 g5 11. f3 Ng6 12. c5 Bf8 13. a4 a5 14. bxa5 Rxa5 15. Nc1 Nf4 16. Nb3 Ra8 17. Bb5 Bd7 18. cxd6 cxd6 19. a5 Qe7 20. Bxd7 Nxd7 21. Nb5 Rec8 22. Bb6 Qf6 23. Nd2 Nxb6 24. axb6 Rxa1 25. Qxa1 Rc2 26. Nb3 Rxg2+ 27. Kh1 Qg6 28. Rg1 Rxh2+ 29. Kxh2 Qh5+ 30. Kg3 Qh4# 0-1

[Event "MGL-ch blitz"]
[White "Mungunkhuu, Mijgee"]
[Black "Baterdene, Damdinbazar"]
[Site "Ulaanbaatar"]
[Round "7"]
[Result "1-0"]
[Date "2015.09.18"]
[WhiteElo "2228"]
[BlackElo "1940"]
[PlyCount "52"]
[EventDate "2015.09.18"]
[EventType "tourn (blitz)"]
[EventRounds "15"]
[EventCountry "MGL"]
[SourceTitle "EXT 2016"]
[Source "ChessBase"]
[SourceDate "2015.10.08"]
[SourceVersion "1"]
[SourceVersionDate "2015.10.08"]
[SourceQuality "1"]

1. c4 e6 2. Nc3 d5 3. cxd5 exd5 4. d3 Nf6 5. Nf3 c6 6. g3 Bd6 7. Bg2 0-0 8. 0-0 h6 9. a3 Re8 10. Re1 Nbd7 11. b4 a5 12. Rb1 axb4 13. axb4 Ne5 14. Qc2 Bf5 15. b5 Qd7 16. bxc6 bxc6 17. Nd4 Bh3 18. Bh1 Reb8 19. Bf4 Ng6 20. Bxd6 Qxd6 21. Rec1 Bd7 22. Rxb8+ Rxb8 23. Na4 Rc8 24. Nc5 Bg4 25. Qd2 Nd7 26. Ndb3 Nge5 1-0

[Event "MGL-ch blitz"]
[White "Mungunkhuu, Mijgee"]
[Black "Garidmagnai, Byambasuren"]
[Site "Ulaanbaatar"]
[Round "3"]
[Result "1-0"]
[Date "2015.09.18"]
[WhiteElo "2228"]
[BlackElo "1946"]
[PlyCount "63"]
[EventDate "2015.09.18"]
[EventType "tourn (blitz)"]
[EventRounds "15"]
[EventCountry "MGL"]
[SourceTitle "EXT 2016"]
[Source "ChessBase"]
[SourceDate "2015.10.08"]
[SourceVersion "1"]
[SourceVersionDate "2015.10.08"]
[SourceQuality "1"]

1. c4 Nf6 2. Nc3 g6 3. d3 Bg7 4. Nf3 0-0 5. g3 d6 6. Bg2 e5 7. Bg5 h6 8. Bxf6 Bxf6 9. 0-0 Nc6 10. Rb1 a5 11. a3 Bg7 12. b4 f5 13. Qc2 g5 14. b5 Ne7 15. Nd2 Rb8 16. Nd5 b6 17. Nxe7+ Qxe7 18. Rbd1 h5 19. a4 g4 20. e3 h4 21. Bd5+ Be6 22. Rde1 Kf7 23. f4 Kg6 24. e4 hxg3 25. hxg3 exf4 26. exf5+ Kg5 27. Rxe6 Bd4+ 28. Kg2 f3+ 29. Bxf3 Qh7 30. Ne4+ Kxf5 31. Bxg4+ Kxg4 32. Qe2+ 1-0

[Event "MGL-ch blitz"]
[White "Sharavdorj, Dashzeveg"]
[Black "Mungunkhuu, Mijgee"]
[Site "Ulaanbaatar"]
[Round "11"]
[Result "0-1"]
[Date "2015.09.18"]
[WhiteElo "2429"]
[BlackElo "2228"]
[PlyCount "110"]
[EventDate "2015.09.18"]
[EventType "tourn (blitz)"]
[EventRounds "15"]
[EventCountry "MGL"]
[SourceTitle "EXT 2016"]
[Source "ChessBase"]
[SourceDate "2015.10.08"]
[SourceVersion "1"]
[SourceVersionDate "2015.10.08"]
[SourceQuality "1"]

1. d4 Nf6 2. c4 d6 3. Nc3 Nbd7 4. e4 e5 5. Nf3 Be7 6. Be2 0-0 7. 0-0 h6 8. Be3 c6 9. d5 Re8 10. Ne1 Qc7 11. Nd3 c5 12. a3 b6 13. Rc1 Nf8 14. g3 Bh3 15. Re1 Qd7 16. f3 Ng6 17. Nf2 h5 18. g4 hxg4 19. fxg4 Nf4 20. Bxf4 exf4 21. Nxh3 Nh7 22. Nxf4 Bg5 23. Rf1 Nf6 24. Qd3 Qe7 25. Qg3 Nxe4 26. Nxe4 Qxe4 27. Rce1 Qd4+ 28. Qf2 Qxb2 29. Bd3 Qxf2+ 30. Kxf2 Bxf4 31. h3 g6 32. Kf3 Bg5 33. a4 Kg7 34. Kg3 Bd2 35. Re2 Rxe2 36. Bxe2 Re8 37. Bf3 Re3 38. Kf2 Rc3 39. Rd1 Be3+ 40. Ke2 Bd4 41. Rb1 Rxc4 42. a5 Rc2+ 43. Kd3 Rc3+ 44. Ke2 Re3+ 45. Kd2 Rxf3 46. axb6 axb6 47. Rxb6 Rxh3 48. Rxd6 Rg3 49. Rc6 Rxg4 50. d6 Rg5 51. Kd3 Kf6 52. Rc8 Rd5 53. Rd8 Ke6 54. Kc4 Rxd6 55. Re8+ Kf5 0-1

[Event "MGL-ch 55th"]
[White "Gan Od, Sereenen"]
[Black "Mungunkhuu, Mijgee"]
[Site "Ulaanbaatar"]
[Round "13"]
[Result "0-1"]
[Date "2015.04.26"]
[WhiteElo "2303"]
[BlackElo "2202"]
[PlyCount "60"]
[EventDate "2015.04.18"]
[EventType "tourn"]
[EventRounds "13"]
[EventCountry "MGL"]
[EventCategory "3"]
[SourceTitle "CBM 166 Extra"]
[Source "ChessBase"]
[SourceDate "2015.06.18"]
[SourceVersion "1"]
[SourceVersionDate "2015.06.18"]
[SourceQuality "1"]

1. Nf3 Nf6 2. c4 c5 3. g3 d6 4. Bg2 Nc6 5. Nc3 g6 6. 0-0 Bg7 7. d3 0-0 8. a3 Rb8 9. Rb1 a6 10. b4 cxb4 11. axb4 b5 12. Ba3 Bg4 13. Nd2 Qd7 14. Re1 Rfc8 15. cxb5 axb5 16. Nb3 Be6 17. Qd2 Qa7 18. Bxc6 Rxc6 19. Na5 Rxc3 20. Qxc3 Ng4 21. d4 Bxd4 22. Qf3 Bxf2+ 23. Kh1 Bxe1 24. Rxe1 Bd5 25. e4 Nf2+ 26. Kg2 Nxe4 27. Rxe4 Qa8 28. Kf2 Bxe4 29. Qb3 Rc8 30. Bb2 Bh1 0-1

[Event "MGL-ch 55th"]
[White "Mungunkhuu, Mijgee"]
[Black "Khatanbaatar, Bazar"]
[Site "Ulaanbaatar"]
[Round "10"]
[Result "1/2-1/2"]
[Date "2015.04.24"]
[WhiteElo "2202"]
[BlackElo "2365"]
[PlyCount "117"]
[EventDate "2015.04.18"]
[EventType "tourn"]
[EventRounds "13"]
[EventCountry "MGL"]
[EventCategory "3"]
[SourceTitle "CBM 166 Extra"]
[Source "ChessBase"]
[SourceDate "2015.06.18"]
[SourceVersion "1"]
[SourceVersionDate "2015.06.18"]
[SourceQuality "1"]

1. c4 c5 2. Nc3 Nc6 3. Nf3 g6 4. g3 Bg7 5. Bg2 d6 6. 0-0 e6 7. d3 Nge7 8. a3 b6 9. Rb1 Bb7 10. Bg5 h6 11. Bxe7 Qxe7 12. Re1 0-0 13. Qd2 Rad8 14. b4 Ba8 15. Qc2 g5 16. b5 Nd4 17. Nxd4 cxd4 18. Ne4 d5 19. cxd5 Bxd5 20. Rec1 Qxa3 21. Ra1 Qe7 22. Qa4 Rd7 23. Rc2 e5 24. Nd2 Bxg2 25. Kxg2 f5 26. Rc6 e4 27. Qc4+ Kh8 28. Re6 Qf7 29. Rc1 exd3 30. exd3 f4 31. Ne4 Qh5 32. Qc6 f3+ 33. Kh1 Qh3 34. Rg1 Rdf7 35. g4 Kh7 36. Nd2 Rf4 37. Rg3 Qh4 38. Nxf3 Qxg3 39. Nxg5+ hxg5 40. fxg3 Rf1+ 41. Kg2 R1f2+ 42. Kh3 Rh8 43. Re8 Bf8 44. Rxf8 Rhxf8 45. Qe4+ Kh6 46. Qxd4 Re2 47. Qd6+ Kg7 48. Qd7+ Kg6 49. Qd6+ Rf6 50. Qd7 Rff2 51. Qd6+ Kg7 52. Qc7+ Rf7 53. Qd8 Kg6 54. Qd6+ Rf6 55. Qd7 Rf7 56. Qd6+ Kh7 57. d4 Rff2 58. Qc7+ Kg6 59. Qc6+ 1/2-1/2

[Event "MGL-ch 55th"]
[White "Batchuluun, Tsegmed"]
[Black "Mungunkhuu, Mijgee"]
[Site "Ulaanbaatar"]
[Round "7"]
[Result "1-0"]
[Date "2015.04.21"]
[WhiteElo "2499"]
[BlackElo "2202"]
[PlyCount "55"]
[EventDate "2015.04.18"]
[EventType "tourn"]
[EventRounds "13"]
[EventCountry "MGL"]
[EventCategory "3"]
[SourceTitle "CBM 166 Extra"]
[Source "ChessBase"]
[SourceDate "2015.06.18"]
[SourceVersion "1"]
[SourceVersionDate "2015.06.18"]
[SourceQuality "1"]

1. d4 Nf6 2. c4 d6 3. Nc3 Nbd7 4. e4 e5 5. Be3 c6 6. f3 Be7 7. Nge2 0-0 8. Qd2 a6 9. d5 Qc7 10. g4 Rd8 11. Ng3 Nf8 12. h4 Ne8 13. h5 c5 14. Bd3 Rb8 15. a4 b6 16. Nf5 Rb7 17. Ke2 f6 18. Rag1 Kh8 19. g5 Bxf5 20. exf5 fxg5 21. h6 Bf6 22. Bxg5 Rd7 23. Ne4 Qd8 24. Bxf6 Nxf6 25. Qg5 Ne8 26. hxg7+ Nxg7 27. f6 Qe8 28. Nxd6 1-0

[Event "MGL-ch 55th"]
[White "Mungunkhuu, Mijgee"]
[Black "Galmandakh, Badrakh"]
[Site "Ulaanbaatar"]
[Round "4"]
[Result "0-1"]
[Date "2015.04.20"]
[WhiteElo "2202"]
[BlackElo "2328"]
[PlyCount "120"]
[EventDate "2015.04.18"]
[EventType "tourn"]
[EventRounds "13"]
[EventCountry "MGL"]
[EventCategory "3"]
[SourceTitle "CBM 166 Extra"]
[Source "ChessBase"]
[SourceDate "2015.06.18"]
[SourceVersion "1"]
[SourceVersionDate "2015.06.18"]
[SourceQuality "1"]

1. c4 e6 2. Nf3 f5 3. d3 Nf6 4. g3 Be7 5. Bg2 0-0 6. 0-0 d5 7. cxd5 exd5 8. Nc3 Kh8 9. a3 a5 10. Bg5 c6 11. Qc2 Ng4 12. Bf4 g5 13. Bd2 f4 14. b4 axb4 15. axb4 Rxa1 16. Rxa1 Qd6 17. Ra8 Nd7 18. h3 Nge5 19. g4 Nxf3+ 20. Bxf3 Ne5 21. Nb5 Qh6 22. Bc3 Bf6 23. Bxe5 Bxe5 24. Na7 Bd7 25. Rxf8+ Qxf8 26. b5 Qd6 27. Qa4 Kg7 28. d4 Bf6 29. Kg2 Bd8 30. bxc6 bxc6 31. Qa6 Qc7 32. e4 fxe3 33. fxe3 Qb6 34. Be2 Kf7 35. Qd3 Kg7 36. Qa3 Qc7 37. Bd3 h5 38. gxh5 g4 39. h6+ Kf7 40. h7 gxh3+ 41. Kh1 Qg3 42. Qf8+ Kxf8 43. h8Q+ Ke7 44. Qh7+ Kd6 45. Qg6+ Qxg6 46. Bxg6 Bb6 47. Nxc6 Kxc6 48. e4 Bxd4 49. Kh2 Be5+ 50. Kg1 dxe4 51. Bxe4+ Kc5 52. Ba8 Bg3 53. Bb7 Kd4 54. Ba8 Ke3 55. Bd5 Be5 56. Bb7 Kf4 57. Bd5 Kg3 58. Be4 Bb5 59. Bd5 Bd4+ 60. Kh1 Bf1 0-1

[Event "MGL-ch"]
[White "Batchuluun, Tsegmed"]
[Black "Mungunkhuu, Mijgee"]
[Site "Ulaanbaatar"]
[Round "6"]
[Result "1/2-1/2"]
[Date "2009.04.13"]
[WhiteElo "2391"]
[BlackElo "2166"]
[PlyCount "82"]
[EventDate "2009.04.11"]
[EventType "tourn"]
[EventRounds "17"]
[EventCountry "MGL"]
[EventCategory "2"]
[SourceTitle "CBM 130 Extra"]
[Source "ChessBase"]
[SourceDate "2009.07.02"]
[SourceVersion "2"]
[SourceVersionDate "2009.07.15"]
[SourceQuality "1"]

1. d4 d5 2. c4 e6 3. Nf3 Nf6 4. Nc3 c6 5. Bg5 Nbd7 6. e3 Be7 7. Rc1 0-0 8. Bd3 dxc4 9. Bxc4 c5 10. 0-0 Nb6 11. Bb3 cxd4 12. exd4 Nfd5 13. Bd2 Bf6 14. Qe2 Ne7 15. Ne4 Ng6 16. Nxf6+ Qxf6 17. Bg5 Qf5 18. Bc2 Qa5 19. Bb1 Bd7 20. Rc5 Qb4 21. b3 Nd5 22. Bd2 Qb6 23. h4 Rfc8 24. h5 Nf8 25. Rfc1 Qd6 26. h6 g6 27. Ng5 f5 28. Nf3 b6 29. Rxc8 Rxc8 30. Rxc8 Bxc8 31. Qc4 Qc7 32. Ne5 Bb7 33. Bd3 Qd6 34. Qa4 a5 35. Qe8 Qe7 36. Qxe7 Nxe7 37. Bb5 Nc8 38. Bg5 Nd6 39. Bd3 Nf7 40. Nxf7 Kxf7 41. Bd8 Nd7 1/2-1/2

[Event "WMSG Blitz Team 1st"]
[White "Briestensky, Rastislav"]
[Black "Mungunkhuu, Mijgee"]
[Site "Beijing"]
[Round "8"]
[Result "0-1"]
[Date "2008.10.13"]
[WhiteElo "2383"]
[BlackElo "2166"]
[PlyCount "113"]
[EventDate "2008.10.13"]
[EventType "tourn (blitz)"]
[EventRounds "11"]
[EventCountry "CHN"]
[SourceTitle "CBM 126 Extra"]
[Source "ChessBase"]
[SourceDate "2008.11.05"]
[SourceVersion "1"]
[SourceVersionDate "2008.11.05"]
[SourceQuality "1"]

1. e4 d6 2. d4 Nd7 3. f3 c6 4. Be3 e5 5. c4 Qc7 6. Nc3 Ngf6 7. Qd2 a6 8. a4 Be7 9. Nh3 h6 10. Nf2 Nf8 11. d5 Ng6 12. g3 0-0 13. Bg2 c5 14. a5 Bd7 15. 0-0 Rab8 16. Rfb1 Rfc8 17. b4 Qd8 18. bxc5 dxc5 19. Na4 Bxa4 20. Rxa4 Ne8 21. Nd3 Qd7 22. Ra2 Rc7 23. Qc3 f6 24. Rab2 Rbc8 25. Nf2 Rb8 26. Bh3 Qd8 27. Nd3 Nf8 28. Qc2 Kh8 29. Qf2 Nd6 30. Rc2 Nd7 31. Bxd7 Qxd7 32. Nxc5 Qe8 33. Qe2 Rbc8 34. Ne6 Rxc4 35. Rxc4 Rxc4 36. Bc5 Qc8 37. Bxd6 Bxd6 38. Kh1 h5 39. f4 exf4 40. Qxh5+ Kg8 41. Qg4 Bf8 42. gxf4 Rc1+ 43. Rxc1 Qxc1+ 44. Kg2 Qd2+ 45. Kg3 Qxa5 46. Qg6 Qc3+ 47. Kg4 Qc8 48. h4 Qd7 49. h5 Qf7 50. Qf5 a5 51. e5 fxe5 52. Qxe5 a4 53. Qb2 a3 54. Qb3 Bd6 55. f5 Qe8 56. f6 gxf6 57. Qd1 0-1

[Event "WMSG Blitz Team 1st"]
[White "Feldman, Vladimir"]
[Black "Mungunkhuu, Mijgee"]
[Site "Beijing"]
[Round "4"]
[Result "0-1"]
[Date "2008.10.13"]
[WhiteElo "2298"]
[BlackElo "2166"]
[PlyCount "140"]
[EventDate "2008.10.13"]
[EventType "tourn (blitz)"]
[EventRounds "11"]
[EventCountry "CHN"]
[SourceTitle "CBM 126 Extra"]
[Source "ChessBase"]
[SourceDate "2008.11.05"]
[SourceVersion "1"]
[SourceVersionDate "2008.11.05"]
[SourceQuality "1"]

1. d4 d6 2. Nf3 Nd7 3. c4 c6 4. Nc3 e5 5. e4 Ngf6 6. Be2 Be7 7. 0-0 0-0 8. Re1 h6 9. h3 Re8 10. Be3 Qc7 11. d5 Nf8 12. Bf1 Ng6 13. Qd2 Bf8 14. Rac1 c5 15. a3 b6 16. b4 Nh5 17. bxc5 bxc5 18. Rb1 Nhf4 19. Nb5 Qe7 20. Qa5 Bd7 21. Nc7 Qf6 22. Nxe8 Rxe8 23. Qxa7 Bc8 24. Qa4 Rd8 25. Qd1 Ba6 26. a4 Qe7 27. a5 Ra8 28. Rb6 Qd7 29. Qb3 Be7 30. Ra1 Bd8 31. Rc6 Ne7 32. Rxa6 Rxa6 33. Bd2 g5 34. Qb5 Ra7 35. Qxd7 Rxd7 36. a6 Ra7 37. g3 Nh5 38. Bd3 Nf6 39. Bc2 Nd7 40. Rb1 Rxa6 41. Rb8 Nxb8 42. Kg2 Ra2 43. Ne1 Na6 44. Be3 Nb4 45. Bd1 Ra1 46. Nc2 Rxd1 47. Na3 Rd4 48. Nb5 Nc8 49. f3 Rxc4 50. Bd2 Rc2 51. Kf1 Rxd2 52. Ke1 Rh2 53. Kd1 Nb6 54. Na7 c4 55. Nb5 Rxh3 56. Nc3 Rxg3 57. Ke2 Rg2+ 58. Kf1 Rc2 59. Nb5 h5 60. Na3 h4 61. Nxc2 Nxc2 62. Kg2 Nd4 63. Kh3 f6 64. Kg4 c3 65. f4 gxf4 66. Kxh4 c2 67. Kg4 c1Q 68. Kh5 Qg1 69. Kh6 Kf7 70. Kh5 Qg5# 0-1

[Event "WMSG Blitz Team 1st"]
[White "Mungunkhuu, Mijgee"]
[Black "Reuben, Stewart"]
[Site "Beijing"]
[Round "9"]
[Result "1-0"]
[Date "2008.10.13"]
[WhiteElo "2166"]
[BlackElo "2117"]
[PlyCount "53"]
[EventDate "2008.10.13"]
[EventType "tourn (blitz)"]
[EventRounds "11"]
[EventCountry "CHN"]
[SourceTitle "CBM 126 Extra"]
[Source "ChessBase"]
[SourceDate "2008.11.05"]
[SourceVersion "1"]
[SourceVersionDate "2008.11.05"]
[SourceQuality "1"]

1. c4 c5 2. Nc3 g6 3. Nf3 Bg7 4. g3 Nh6 5. d3 Nf5 6. Bg2 Nc6 7. 0-0 0-0 8. Bg5 d6 9. Rb1 a6 10. a3 Rb8 11. Re1 b5 12. Nd5 bxc4 13. dxc4 Rxb2 14. g4 Rxb1 15. Qxb1 Nfd4 16. h3 Be6 17. e3 Nxf3+ 18. Bxf3 Ne5 19. Bg2 f6 20. Bf4 Nxc4 21. Rd1 Nxa3 22. Qb7 Kf7 23. Nc7 Bc8 24. Qa7 Nb5 25. Nxb5 axb5 26. Rxd6 Qe8 27. Bd5+ 1-0

[Event "World University-ch 7th"]
[White "Moreno, William"]
[Black "Mungunkhuu, Mijgee"]
[Site "Ulaanbaatar"]
[Round "9"]
[Result "0-1"]
[Date "2002.09.20"]
[WhiteElo "2102"]
[BlackElo "2167"]
[PlyCount "118"]
[EventDate "2002.09.11"]
[EventType "swiss"]
[EventRounds "9"]
[EventCountry "MGL"]
[SourceTitle "CBM 090 Extra"]
[Source "ChessBase"]
[SourceDate "2002.11.07"]
[SourceVersion "1"]
[SourceVersionDate "2002.11.07"]
[SourceQuality "1"]

1. d4 Nf6 2. c4 g6 3. Nc3 d5 4. Nf3 Bg7 5. Bf4 c6 6. e3 0-0 7. h3 h6 8. Bd3 Be6 9. c5 Nbd7 10. 0-0 b6 11. b4 a5 12. a3 Nh5 13. Be5 Bxe5 14. Nxe5 Nxe5 15. dxe5 axb4 16. axb4 Rxa1 17. Qxa1 bxc5 18. bxc5 d4 19. exd4 Qxd4 20. Be4 Qxe5 21. Bxc6 Qxc5 22. Bf3 Nf4 23. Ne4 Qf5 24. Qa3 Re8 25. Rd1 Kg7 26. Qc3+ Kh7 27. Ng3 Qg5 28. Qc7 Rc8 29. Qa7 h5 30. Kh1 Qc5 31. Qxc5 Rxc5 32. Ne4 Ra5 33. h4 Bf5 34. Ng5+ Kg7 35. g3 Nd3 36. Rd2 Ra1+ 37. Kh2 f6 38. Ne6+ Bxe6 39. Rxd3 Bf5 40. Re3 e5 41. Re2 Ra3 42. Bg2 Bg4 43. Rb2 f5 44. Rb7+ Kh6 45. Rb2 e4 46. Rc2 Ra6 47. Bf1 Rd6 48. Bg2 g5 49. hxg5+ Kxg5 50. Rb2 h4 51. gxh4+ Kxh4 52. Ra2 Kg5 53. Rb2 Re6 54. Rb5 Kf4 55. Rb3 Rg6 56. Ra3 Rd6 57. Ra2 Bf3 58. Bh3 Rh6 59. Ra3 Bg4 0-1